Speed Type 10 Animals in 15 Seconds - Statistics

General Stats
  • This quiz has been taken 439 times
  • The average score is 8 of 10
Answer Stats
Animal Animal % Correct
Whale Whale
100%
Fox Fox
99%
Baboon Baboon
96%
Goat Goat
95%
Tiger Tiger
92%
Sunfish Sunfish
86%
Magpie Magpie
79%
Racoon Racoon
71%
Anglerfish Anglerfish
54%
Buffalo Buffalo
43%
No matching quizzes found
Score Distribution
Percent of People with Each Score
Percentile by Number Answered
Your Score History
You have not taken this quiz